000 00685cam a2200217 a 4500
001 000018453
005 20200929165817.0
008 760510s1927 fr 000 1 fre d
040 _aDO-SdBNP
_bfre
_cLC
_dBNPHU
082 _a943.914
_bC453h
100 1 _aChamson, André,
_d1900-1983.
_939597
245 1 4 _aLes hommes de la route /
_cAndré Chamson.
260 _aParis :
_bBernard Grasset,
_c1927.
300 _a242, [12] p. ;
_c17 cm.
490 1 _aLe Livre de Poche. Texte integral
650 4 _aNovela francesa
_91075
650 4 _aLiteratura francesa
_91074
830 0 _aLe Livre de Poche.
_pTexte integral
_96090
910 _aCatalogación por derivada / LC
049 _aBNGR
999 _c17973
_d17973